000 00581nam a22001577a 4500
082 _a005
100 _aTehseen, Muhammad Saad ; Shaheen, Usama ; Hassan, Ehsan Ul
245 _aNear End-to-End Encryption for IOT Devices /
_cMuhammad Saad Tehseen ; Usama Shaheen ; Ehsan Ul Hassan
260 _aIslamabad :
_bSEECS - NUST,
_c2018.
300 _a29 p. ;
_c30cm.
650 _aComputer Science-Project Report
700 _aDr. Syed Taha Ali
856 _u//10.250.8.41:8080/xmlui/handle/123456789/21652
942 _2ddc
_cPR
999 _c536244
_d536244